Forensic engineering : (Record no. 532436)

000 -LEADER
fixed length control field 01211cam a2200325 a 4500
001 - CONTROL NUMBER
control field 16381246
003 - CONTROL NUMBER IDENTIFIER
control field NUST
005 - DATE AND TIME OF LATEST TRANSACTION
control field 20191120153711.0
008 - FIXED-LENGTH DATA ELEMENTS--GENERAL INFORMATION
fixed length control field 100809s2009 enkab b 101 0 eng d
010 ## - LIBRARY OF CONGRESS CONTROL NUMBER
LC control number 2010487129
020 ## - INTERNATIONAL STANDARD BOOK NUMBER
International Standard Book Number 0727758225
020 ## - INTERNATIONAL STANDARD BOOK NUMBER
International Standard Book Number 9780727758224
035 ## - SYSTEM CONTROL NUMBER
System control number (OCoLC)ocn320227704
038 ## - RECORD CONTENT LICENSOR
Staff Name MSOHAIL
040 ## - CATALOGING SOURCE
Original cataloging agency EQO
Transcribing agency CUD
Modifying agency YDXCP
-- UAB
-- WAU
-- MUU
-- DLC
042 ## - AUTHENTICATION CODE
Authentication code lccopycat
050 00 - LIBRARY OF CONGRESS CALL NUMBER
Classification number TA219
Item number .F682 2009
082 00 - DEWEY DECIMAL CLASSIFICATION NUMBER
Classification number 620
Edition number 23
100 ## - MAIN ENTRY--PERSONAL NAME
Personal name John Carpenter
9 (RLIN) 25951
245 00 - TITLE STATEMENT
Title Forensic engineering :
Remainder of title Informing the Future with Lessons from the Past : Proceedings of the Fifth International Conference on Forensic
260 ## - PUBLICATION, DISTRIBUTION, ETC.
Place of publication, distribution, etc. London :
Name of publisher, distributor, etc. Institution of Civil Engineers Publishing
Date of publication, distribution, etc. 2013
300 ## - PHYSICAL DESCRIPTION
Extent 478 p. :
Other physical details ill., maps ;
Dimensions 25 cm.
504 ## - BIBLIOGRAPHY, ETC. NOTE
Bibliography, etc. note Includes bibliographical references and index.
650 #0 - SUBJECT ADDED ENTRY--TOPICAL TERM
Topical term or geographic name entry element Forensic engineering
Form subdivision Congresses.
9 (RLIN) 25952
650 #0 - SUBJECT ADDED ENTRY--TOPICAL TERM
Topical term or geographic name entry element Structural failures
General subdivision Investigation
Form subdivision Congresses.
9 (RLIN) 25953
710 2# - ADDED ENTRY--CORPORATE NAME
Corporate name or jurisdiction name as entry element Institution of Civil Engineers (Great Britain)
9 (RLIN) 25323
906 ## - LOCAL DATA ELEMENT F, LDF (RLIN)
a 7
b cbc
c copycat
d 2
e ncip
f 20
g y-gencatlg
942 ## - ADDED ENTRY ELEMENTS (KOHA)
Source of classification or shelving scheme
Koha item type Book
Holdings
Withdrawn status Lost status Source of classification or shelving scheme Damaged status Not for loan Permanent Location Current Location Date acquired Total Checkouts Full call number Barcode Date last seen Price effective from Koha item type
          School of Civil and Environmental Engineering (SCEE) School of Civil and Environmental Engineering (SCEE) 11/20/2019   620 NIT-12344 11/20/2019 11/20/2019 Book
© 2023 Central Library, National University of Sciences and Technology. All Rights Reserved.